[Event "LSS RN-2009-0-00179"]
[Site "LSS email"]
[Date "2009.02.07"]
[Round "?"]
[White "Donmezer, Onurcan"]
[Black "McGuire, Paul"]
[Result "0-1"]
[WhiteElo "800"]
[BlackElo "469"]
[PlyCount "20"]
[EventDate "2009.01.24"]
[EventType "tourn (corr)"]
[EventRounds "6"]
[EventCountry "GER"]
[SourceTitle "Corr 2015"]
[Source "ChessBase"]
[SourceDate "2015.07.17"]
[SourceVersion "1"]
[SourceVersionDate "2015.07.17"]
[SourceQuality "1"]

1. d4 d5 2. c4 e6 3. Nf3 Nf6 4. Bg5 Be7 5. Nc3 0-0 6. e3 h6 7. Bh4 c5 8. dxc5 dxc4 9. Bxc4 Nc6 10. 0-0 b6 0-1

[Event "LSS RN-2009-0-00179"]
[Site "LSS email"]
[Date "2009.02.07"]
[Round "?"]
[White "Losev, Vyacheslav"]
[Black "Donmezer, Onurcan"]
[Result "1-0"]
[WhiteElo "725"]
[BlackElo "800"]
[PlyCount "47"]
[EventDate "2009.01.24"]
[EventType "tourn (corr)"]
[EventRounds "6"]
[EventCountry "GER"]
[SourceTitle "Telechess CBM 147"]
[Source "ChessBase"]
[SourceDate "2012.03.16"]
[SourceVersion "1"]
[SourceVersionDate "2012.03.16"]
[SourceQuality "1"]

1. e4 e5 2. Nf3 Nc6 3. Nc3 Nf6 4. Bb5 Nd4 5. Nxe5 Qe7 6. Nf3 Nxb5 7. Nxb5 Qxe4+ 8. Qe2 Qxe2+ 9. Kxe2 Nd5 10. c4 a6 11. Nbd4 Nf4+ 12. Kf1 d5 13. d3 Nxd3 14. cxd5 Nb4 15. Be3 Nxd5 16. Re1 Be7 17. Bg5 f6 18. Bh4 Kf7 19. g3 g5 20. Bxg5 fxg5 21. h4 gxh4 22. gxh4 h6 23. Re5 Rd8 24. Rg1 1-0